01201nam a2200289 a 450000100100000000500170001000800410002704000250006808200210009324501200011425000110023426000530024530000210029849000520031950000730037150000490044470000420049370000320053570000270056770000290059470000290062370000350065270000280068783000600071595201190077599900170089400003686120200930080001.0120202s1954 mx 000 0 spa d aDO-SdBNPbspacBNPHU axxxbF673o, 195401aFilosofía del oriente /cChan Wing-Tsit ... [et al.] ; traducción de Jorge Hernández Campos y Jorge Portilla. a2a ed. aMéxico :bFondo de Cultura Económica,c1954. a210 p. ;c17 cm.1 aBreviarios del Fondo de Cultura Económicav28 aIncluye referencias bibliográficas y notas al pie de las páginas aTítulo original. Philosophy east and west.1 aHernández Campos, Jorgeetr.9502431 aPortilla, Jorgeetr.9632191 aChan, Wing-Tsit9632201 aConger, George P.9632211 aTakakusu, Junjiro9632221 aSuzuki, Daisetz Teitaro9632231 aSakamaki, Shunzo963224 0aBreviarios del Fondo de Cultura Económica;v28925786 001050718MOaGRbGRcCTd2012-02-02iLF1l0oxxx F673o, 1954p36861-10r2020-06-25w2020-06-25y1ZNo se presta c36352d36352